[Event "USCL 2008"]
[Site "ICC INT"]
[Date "2008.10.22"]
[Round "9"]
[White "Benjamin,Joe"]
[Black "Becerra Rivero,J"]
[Result "0-1"]
[WhiteElo "2583"]
[BlackElo "2602"]

1.e4 e5 2.Nf3 Nc6 3.Bb5 a6 4.Ba4 Nf6 5.O-O Bc5 6.c3 b5 7.d4 bxa4 8.dxc5 Nxe4
9.Nxe5 Nxe5 10.Qd5 Nxc5 11.Qxa8 O-O 12.Be3 Ncd3 13.Qe4 d5 14.Qxa4 c5 15.Nd2 Qf6
16.Kh1 Bd7 17.Qd1 Re8 18.Nb3 Bb5 19.Qc2 Qh4 20.f3 Qa4 21.Bg1 Ng6 22.Qd2 h6
23.Rfd1 Nh4 24.Bxc5 Nf4 25.Bb4 Nd3 26.Ba3 Nf5 27.Nc5 Qh4 28.Kg1 Nf4 29.Re1 Re2
30.Rxe2 Nxe2+ 31.Kf1 Qxh2 32.Qe1 Nf4+  0-1

[Event "31st ch-NY-State"]
[Site "Colonie USA"]
[Date "2009.09.05"]
[Round "2"]
[White "Benjamin,Joe"]
[Black "Rabin,E"]
[Result "1-0"]
[WhiteElo "2575"]
[BlackElo "2026"]

1.d4 Nf6 2.c4 e6 3.Nf3 b6 4.g3 Ba6 5.Qc2 Bb7 6.Bg2 Bb4+ 7.Nbd2 c5 8.dxc5 Bxc5
9.O-O Be7 10.b3 O-O 11.Bb2 d6 12.Bxf6 Bxf6 13.Ng5 Bxg5 14.Bxb7 Nd7 15.Bxa8 Qxa8
16.Ne4 Be7 17.Nxd6  1-0

[Event "USCL 2009"]
[Site "ICC INT"]
[Date "2009.09.14"]
[Round "3"]
[White "Schroer,J"]
[Black "Benjamin,Joe"]
[Result "0-1"]
[WhiteElo "2354"]
[BlackElo "2575"]

1.d4 Nf6 2.c4 g6 3.Nf3 Bg7 4.g3 O-O 5.Bg2 d6 6.O-O c6 7.Nc3 Bf5 8.b3 Ne4
9.Bb2 Nxc3 10.Bxc3 Be4 11.Qd2 e6 12.Qe3 d5 13.Bh3 Bxf3 14.Qxf3 f5 15.Qd3 Nd7
16.f3 a5 17.Kh1 Qg5 18.Bg2 Qh5 19.Qe3 Rfe8 20.Qd3 Nf6 21.e4 dxe4 22.fxe4 Rad8
23.Rad1 c5 24.Bf3 fxe4 25.Bxe4 Ng4 26.Qe2 Rf8 27.Bf3 Rxf3 28.Rxf3 Nxh2 29.Kg2 Qxf3+
30.Qxf3 Nxf3 31.Kxf3 b6 32.Ke4 cxd4 33.Rd3 e5 34.c5 bxc5 35.Bxa5 Ra8 36.Bb6 Rxa2
37.Bxc5 Re2+ 38.Kf3 Re1 39.Kf2 Rc1 40.b4 e4 41.Ra3 e3+ 42.Ke2 Rc2+ 43.Ke1 Be5
44.Ra8+ Kf7 45.Rf8+ Ke6 46.Re8+ Kd5  0-1

[Event "USCL 2009"]
[Site "ICC INT"]
[Date "2009.10.05"]
[Round "6"]
[White "Ramirez,Alej"]
[Black "Benjamin,Joe"]
[Result "1-0"]
[WhiteElo "2547"]
[BlackElo "2575"]

1.e4 e5 2.Nf3 Nc6 3.Bb5 a6 4.Bxc6 dxc6 5.O-O Bd6 6.d4 exd4 7.Qxd4 f6 8.Be3 Be6
9.Nbd2 Ne7 10.Qc3 Ng6 11.Nd4 Qe7 12.Nxe6 Qxe6 13.Qb3 Qxb3 14.axb3 O-O-O 15.Nc4 Rhe8
16.f3 Ne5 17.Nxd6+ cxd6 18.Bb6 Rd7 19.Rfd1 g6 20.Kf2 f5 21.exf5 gxf5 22.Ra4 Re6
23.Rad4 d5 24.c4 dxc4 25.bxc4 Rxd4 26.Rxd4 Nd7 27.Ba5 b6 28.Bc3 Nc5 29.g4 fxg4
30.Rxg4 Na4 31.Bg7 b5 32.cxb5 axb5 33.f4 Rg6 34.Rxg6 hxg6 35.f5 gxf5 36.h4 Kd7
37.h5 Nc5 38.h6 Ne4+ 39.Ke3 Nd6 40.h7 Nf7 41.Kf4 Ke6 42.b4 c5 43.bxc5 b4
44.c6 b3 45.c7 Kd7 46.Kxf5 Kxc7 47.Kg6  1-0

[Event "ch-USA"]
[Site "Saint Louis USA"]
[Date "2010.05.18"]
[Round "5"]
[White "Benjamin,Joe"]
[Black "Lenderman,A"]
[Result "1-0"]
[WhiteElo "2565"]
[BlackElo "2598"]

1.d4 d5 2.c4 e6 3.Nf3 Nf6 4.Nc3 Be7 5.Bg5 O-O 6.e3 h6 7.Bxf6 Bxf6 8.Rc1 c6
9.Bd3 dxc4 10.Bxc4 Nd7 11.O-O e5 12.Re1 exd4 13.exd4 Nb6 14.Bb3 Re8 15.Qd3 Bd7
16.h3 Nc8 17.Ne5 Nd6 18.g4 Re7 19.Re2 Be6 20.Bc2 g6 21.Nxg6 fxg6 22.Rxe6 Rxe6
23.Bb3 Kg7 24.Bxe6 Qb6 25.Rd1 Qxb2 26.Bb3 Kh7 27.Rb1 Qa3 28.Ne4 Nxe4 29.Bg8+ Rxg8
30.Qxa3 Rg7 31.Qxa7 b5 32.Qb6 c5 33.Re1 Bd8 34.Qxd8  1-0

[Event "ch-USA"]
[Site "Saint Louis USA"]
[Date "2010.05.20"]
[Round "7"]
[White "Khachiyan,M"]
[Black "Benjamin,Joe"]
[Result "1-0"]
[WhiteElo "2539"]
[BlackElo "2565"]

1.e4 e5 2.Nf3 Nc6 3.Bc4 Nf6 4.d4 exd4 5.e5 Ng4 6.O-O d6 7.exd6 Bxd6 8.Re1+ Kf8
9.Nbd2 Nge5 10.h3 Bf5 11.Bb3 Qd7 12.Ne4 Re8 13.Bf4 Bb4 14.Nxe5 Nxe5 15.Bd2 Bxd2
16.Qxd2 Bxh3 17.f4 Ng6 18.gxh3 Qxh3 19.Qb4+ Re7 20.Nf2 Qd7 21.Rad1 Qc8 22.Qxd4  1-0

[Event "USCL"]
[Site "ICC INT"]
[Date "2010.08.23"]
[Round "1"]
[White "Smith,Bry"]
[Black "Benjamin,Joe"]
[Result "0-1"]
[WhiteElo "2467"]
[BlackElo "2556"]

1.e4 c6 2.d4 d5 3.e5 c5 4.dxc5 Nc6 5.Nf3 Bg4 6.Bb5 Qa5+ 7.Nc3 e6 8.Be3 Ne7
9.a3 O-O-O 10.Bxc6 Nxc6 11.b4 Bxf3 12.gxf3 Qa6 13.Bd4 Qc4 14.Ne2 g5 15.Rg1 Rg8
16.Qd2 Bg7 17.Rxg5 Nxd4 18.Nxd4 Bxe5 19.Rxg8 Rxg8 20.O-O-O Qa2 21.c3 Qxa3+
22.Kb1 a5 23.Rc1 Kd7 24.Qd3 Bxd4 25.Qxd4 Qb3+ 26.Ka1 axb4 27.c6+ bxc6 28.Qa7+ Kd6
29.cxb4 Qxb4 30.Qa6 Qd4+ 31.Ka2 Qxf2+  0-1

[Event "132nd ch-New York State"]
[Site "Colonie USA"]
[Date "2010.09.04"]
[Round "2"]
[White "Benjamin,Joe"]
[Black "Ostrovskiy,Al"]
[Result "1-0"]
[WhiteElo "2561"]
[BlackElo "2243"]

1.d4 d5 2.c4 c6 3.Nc3 dxc4 4.e3 b5 5.a4 b4 6.Ne4 Qd5 7.Nd2 Ba6 8.Qc2 c3 9.bxc3 Bxf1
10.Kxf1 e6 11.Ngf3 bxc3 12.Qxc3 Nf6 13.Ke2 Nbd7 14.Ba3 Bxa3 15.Qxa3 c5 16.Rac1 O-O
17.dxc5 Rfc8 18.Rhd1 Nxc5 19.Nc4 Qc6 20.Nd6 Qa6+ 21.Ke1 Qa5+ 22.Kf1 Rc6 23.Ne5 Rxd6
24.Rxd6 Nce4 25.Nc6 Qh5 26.Ne7+ Kh8 27.Rdc6 h6 28.h3 Rd8 29.Rc8 Rxc8 30.Rxc8+ Kh7
31.Qd3 Qe5 32.Kg1 Qa1+ 33.Kh2 Qe5+ 34.f4  1-0

[Event "132nd ch-New York State"]
[Site "Colonie USA"]
[Date "2010.09.06"]
[Round "5"]
[White "Nikolayev,I"]
[Black "Benjamin,Joe"]
[Result "0-1"]
[WhiteElo "2282"]
[BlackElo "2561"]

1.e4 c5 2.c3 d5 3.exd5 Qxd5 4.d4 Nf6 5.Nf3 Nc6 6.dxc5 Qxd1+ 7.Kxd1 e5 8.b4 Bf5
9.Bb5 O-O-O+ 10.Ke2 Nd5 11.Bd2 e4 12.Nd4 Nxc3+ 13.Bxc3 Nxd4+ 14.Bxd4 Rxd4
15.a3 Be7 16.Nd2 Bf6 17.Nb3 Bg4+ 18.f3 exf3+ 19.gxf3 Re4+ 20.Kf2 Rf4 21.Kg3 Be5
22.Rhe1 Bb8 23.fxg4 Rxb4+ 24.Kg2 Rxb5 25.Re3 Rd8 26.h3 f6 27.Kf3 Be5 28.Rc1 Bb2
29.Rc4 Bxa3 30.c6 bxc6 31.Ra4 Bd6 32.Rxa7 Rb7 33.Ra6 Kd7 34.Na5 Rc7 35.Rc3 Rdc8
36.Nc4 Bc5 37.Ne5+ fxe5 38.Rxc5 Kd6 39.Raa5 Rf8+ 40.Ke2 Re7 41.Rc1 Rf4 42.Rac5 Rc7
43.Ra5 Re4+ 44.Kf3 Rd4 45.Ke3 Rb7 46.Rc3 Rdb4 47.Rac5 R7b6 48.Kf3 R4b5 49.R5c4 Kd5
50.Rc1 c5 51.R1c2 Rb3+ 52.Kg2 R6b5 53.g5 e4 54.h4 g6 55.Rc1 R3b4 56.R4c3 Kd4  0-1

[Event "132nd ch-New York State"]
[Site "Colonie USA"]
[Date "2010.09.06"]
[Round "6"]
[White "Benjamin,Joe"]
[Black "Paragua,M"]
[Result "1/2-1/2"]
[WhiteElo "2561"]
[BlackElo "2496"]

1.d4 d5 2.c4 c6 3.cxd5 cxd5 4.Nc3 Nf6 5.Bf4 Nc6 6.e3 a6 7.Bd3 Bg4 8.f3 Bc8
9.Nge2 e6 10.Bg3 Be7 11.O-O O-O 12.Rc1 Bd7 13.Na4 Re8 14.Bb1 Nh5 15.Bf2 Na5
16.Nc5 Bb5 17.Re1 Nf6 18.b3 b6 19.Nd3 Ba3 20.Rc3 Nc6 21.Bh4 Rc8 22.Nef4 Be7
23.Bxf6 gxf6 24.a4 Bxd3 25.Nxd3 f5 26.f4 Bd6 27.Qh5 Qe7 28.g4 Bb4 29.Nxb4 Qxb4
30.Rec1 Ne7 31.Qg5+ Kf8 32.Qh6+ Kg8 33.Qg5+ Kf8 34.Qh6+  1/2-1/2

[Event "Saint Louis Invitational"]
[Site "Saint Louis USA"]
[Date "2011.03.04"]
[Round "1"]
[White "Benjamin,Joe"]
[Black "Kraai,J"]
[Result "1-0"]
[WhiteElo "2564"]
[BlackElo "2509"]

1.d4 Nf6 2.c4 e6 3.Nc3 Bb4 4.f3 O-O 5.a3 Bxc3+ 6.bxc3 Nc6 7.e4 e5 8.Ne2 d6
9.Ng3 Nd7 10.Be3 Na5 11.Bd3 c5 12.d5 Nb6 13.Qe2 Na4 14.Qc2 Nb6 15.Qa2 Na4
16.O-O Bd7 17.Nf5 Qc7 18.Rac1 b5 19.cxb5 c4 20.Be2 Rab8 21.Qc2 Bxb5 22.f4 Bd7
23.fxe5 Rb2 24.Qd1 dxe5 25.d6 Qb7 26.Ne7+ Kh8 27.Bf3 Nb3 28.Rc2 Be6 29.h3 Rd8
30.Bg4 Qxe4 31.Rxb2 Nxb2 32.Qe1 Bxg4 33.hxg4 f6 34.g5 Nd1 35.gxf6 Qxe3+ 36.Qxe3 Nxe3
37.Nc6 Nxf1 38.Nxd8 Nc5 39.f7 Nd7 40.Ne6 Ng3 41.Nc5  1-0

[Event "Saint Louis Invitational"]
[Site "Saint Louis USA"]
[Date "2011.03.05"]
[Round "2"]
[White "Khachiyan,M"]
[Black "Benjamin,Joe"]
[Result "1-0"]
[WhiteElo "2511"]
[BlackElo "2564"]

1.e4 g6 2.d4 Bg7 3.Nc3 d6 4.f4 Nc6 5.Be3 e6 6.Nf3 Nf6 7.Bb5 a6 8.Bxc6+ bxc6
9.Qe2 a5 10.O-O-O Ba6 11.Qe1 Qb8 12.f5 exf5 13.exf5 O-O 14.Qh4 Re8 15.Rde1 Qc8
16.g4 Qb7 17.Bg5 Nd7 18.f6 Bh8 19.Rxe8+ Rxe8 20.Re1 Qc8 21.Re7 Rxe7 22.fxe7  1-0

[Event "Saint Louis Invitational"]
[Site "Saint Louis USA"]
[Date "2011.03.05"]
[Round "3"]
[White "Benjamin,Joe"]
[Black "Becerra Rivero,J"]
[Result "1/2-1/2"]
[WhiteElo "2564"]
[BlackElo "2549"]

1.d4 Nf6 2.c4 g6 3.Nf3 Bg7 4.g3 O-O 5.Bg2 d6 6.O-O Nbd7 7.Nc3 e5 8.e3 Re8
9.a4 a5 10.b3 Rb8 11.Ra2 b6 12.dxe5 dxe5 13.Ba3 Bf8 14.Bxf8 Rxf8 15.Rd2 Qe7
16.Ng5 Nc5 17.Nge4 Ncxe4 18.Nxe4 Nxe4 19.Bxe4 Bh3 20.Bg2 Bxg2 21.Kxg2 Rbd8
22.Rd5 c6 23.Rxd8 Rxd8 24.Qf3 Qd6 25.g4 Kg7 26.h4 Qe6 27.Qe4 c5 28.Rh1 f5
29.gxf5 Qxf5 30.Qxf5 gxf5 31.Kf3 Kf6 32.Ke2 e4 33.f3 exf3+ 34.Kxf3 Rd3 35.Kf4 Rxb3
36.Rd1 Ke6 37.Rd5 Rb4 38.Re5+ Kd6 39.Kxf5 Rxc4 40.Re6+ Kc7 41.Re7+ Kc6 42.Re6+ Kb7
43.Re7+ Ka6 44.Rxh7 Rxa4 45.e4 Ra1 46.e5 Rf1+ 47.Ke4 a4 48.Rh8 Kb7 49.h5 a3
50.Rh7+ Kc6 51.Ra7 Rh1 52.Rxa3 Rh4+ 53.Kf5 Rxh5+ 54.Kf6 Rh6+ 55.Kf5 Rh8 56.e6 c4
57.e7 Kd6 58.Ra6 Kc5 59.Ra7 c3 60.Rc7+ Kd6 61.Rxc3 Kxe7 62.Rc6 b5 63.Ke4 Kd7
64.Rb6 Rh5 65.Kd3 Kc7 66.Rg6 Rc5 67.Rh6 Kb7 68.Rg6 Ka7 69.Rh6 Rc7 70.Rg6 b4
71.Rg4 Rb7 72.Kc2 Ka6  1/2-1/2

[Event "Saint Louis Invitational"]
[Site "Saint Louis USA"]
[Date "2011.03.06"]
[Round "4"]
[White "Perelshteyn,E"]
[Black "Benjamin,Joe"]
[Result "1/2-1/2"]
[WhiteElo "2533"]
[BlackElo "2564"]

1.d4 Nf6 2.c4 e6 3.Nc3 Bb4 4.g3 d6 5.Bg2 Bxc3+ 6.bxc3 Nbd7 7.Nf3 O-O 8.O-O Rb8
9.Ne1 c5 10.Nc2 Qc7 11.Qd3 b6 12.a4 Ba6 13.Na3 cxd4 14.cxd4 Rbc8 15.Nb5 Qxc4
16.Nxd6 Qxd3 17.exd3 Rc2 18.Nb5 Nd5 19.Ba3 Rd8 20.Rfc1 Rxc1+ 21.Rxc1 N7f6
22.Bf1 Rc8 23.Rc4 h6 24.Be2 Rd8 25.Kf1 Rd7 26.Bf3 Ne8 27.Rc2 Nec7 28.Rb2 Nxb5
29.axb5 Bb7 30.Kg2 Ne7 31.Bxe7 Rxe7 32.Be4 f5 33.Bxb7 Rxb7 34.Rc2 Rd7 35.Rc4 Kf7
36.f4 Rd5 37.Rb4 Kf6 38.Kf3 g5 39.h3 Rd8 40.Ke3 Rd7 41.Rc4 Rd5 42.Rb4 h5
43.h4 gxh4 44.gxh4 Rd7 45.Rc4 Rd5 46.Rc7 Rxb5 47.Rxa7 Rd5 48.Rh7 Kg6 49.Re7 Kf6
50.Rh7 Kg6  1/2-1/2

[Event "Saint Louis Invitational"]
[Site "Saint Louis USA"]
[Date "2011.03.06"]
[Round "5"]
[White "Benjamin,Joe"]
[Black "Ramirez,Alej"]
[Result "1/2-1/2"]
[WhiteElo "2564"]
[BlackElo "2594"]

1.d4 d5 2.c4 c6 3.Nf3 Nf6 4.Nc3 a6 5.e3 e6 6.b3 Bb4 7.Bd2 Nbd7 8.g3 O-O 9.Bg2 Bd6
10.O-O e5 11.cxd5 cxd5 12.Nh4 exd4 13.exd4 Nb6 14.Qc2 Be6 15.Rfe1 Rc8 16.Qd3 Ba3
17.Ne2 Bd7 18.Rad1 Bb5 19.Qb1 Re8 20.Nc3 Bd7 21.Rxe8+ Qxe8 22.Re1 Qf8 23.Nf3 g6
24.Bf1 Bb4 25.Rc1 Ba3 26.Re1 Bb4 27.Rc1 Bf5 28.Bd3 Bxd3 29.Qxd3 Qd6 30.Kg2 Bxc3
31.Rxc3 Rxc3  1/2-1/2

[Event "Saint Louis Invitational"]
[Site "Saint Louis USA"]
[Date "2011.03.07"]
[Round "7"]
[White "Benjamin,Joe"]
[Black "Brooks,M"]
[Result "1/2-1/2"]
[WhiteElo "2564"]
[BlackElo "2451"]

1.d4 Nf6 2.c4 e6 3.Nc3 Bb4 4.e3 Bxc3+ 5.bxc3 d6 6.Bd3 c5 7.Ne2 Nc6 8.e4 e5
9.f3 b6 10.O-O O-O 11.d5 Na5 12.Ng3 Ne8 13.f4 f6 14.Be3 Rb8 15.Rf2 Rb7 16.f5 g5
17.Rf3 h6 18.Nf1 Rh7 19.Rh3 Ng7 20.Nd2 Bd7 21.Nb3 Ba4 22.Qb1 Nb7 23.Be2 h5
24.Qc1 h4 25.Nd2 Nh5 26.g3 Kh8 27.gxh4 g4 28.Rg3 Nxg3 29.hxg3 Rg8 30.Nf1 Qe8
31.Bd2 Na5 32.Ne3 Qh5 33.Kf2 Rgg7 34.Rb1 Kg8 35.Qa3 Be8 36.Qb2 Kf8 37.Qc2 Rg8
38.Qd1  1/2-1/2

[Event "Saint Louis Invitational"]
[Site "Saint Louis USA"]
[Date "2011.03.08"]
[Round "8"]
[White "Kaidanov,G"]
[Black "Benjamin,Joe"]
[Result "1/2-1/2"]
[WhiteElo "2569"]
[BlackElo "2564"]

1.d4 Nf6 2.c4 e6 3.Nc3 Bb4 4.Qc2 d6 5.Bg5 h6 6.Bh4 c5 7.dxc5 dxc5 8.e3 Nc6
9.a3 Bxc3+ 10.Qxc3 Ne4 11.Bxd8 Nxc3 12.Bc7 Kd7 13.Bf4 e5 14.Bxe5 Nxe5 15.bxc3 Kc7
16.Nf3 Nxf3+ 17.gxf3 Rd8 18.Rd1 Be6 19.Be2 Rxd1+ 20.Kxd1 Rd8+ 21.Kc1 Rd6
22.Rd1 Rxd1+ 23.Kxd1 g5 24.Kd2 Kd6 25.f4 gxf4 26.exf4 b6 27.Bd3 f5 28.Ke3 Ke7
29.Kf3 Kf6 30.Kg3 Bf7 31.Kf3  1/2-1/2

[Event "Pinnacle 48th COCC"]
[Site "Toronto CAN"]
[Date "2011.07.10"]
[Round "2"]
[White "Benjamin,Joe"]
[Black "Humphreys,M"]
[Result "1/2-1/2"]
[WhiteElo "2553"]
[BlackElo "2111"]

1.e4 c6 2.d4 d5 3.e5 Bf5 4.Be3 e6 5.Nd2 Nd7 6.Ngf3 Ne7 7.Nh4 Bg6 8.Nxg6 hxg6
9.f4 Nf5 10.Bf2 Qb6 11.Nb3 a5 12.a4 Bb4+ 13.c3 Be7 14.Bd3 Bh4 15.O-O Bxf2+
16.Rxf2 Ne3 17.Qe2 Nxg2 18.Nxa5 Nh4 19.b4 c5 20.Bb5 cxd4 21.Nb3 Ke7 22.cxd4 Nf5
23.Qd3 Rhc8 24.Rf3 Nb8 25.Nc5 Nc6 26.Bxc6 Qxc6 27.Rh3 b6  1/2-1/2

[Event "Pinnacle 48th COCC"]
[Site "Toronto CAN"]
[Date "2011.07.12"]
[Round "4"]
[White "Benjamin,Joe"]
[Black "Sapozhnikov,R"]
[Result "1-0"]
[WhiteElo "2553"]
[BlackElo "2295"]

1.e4 c5 2.Nc3 e6 3.Nf3 Nc6 4.Bb5 Nd4 5.O-O a6 6.Bd3 Ne7 7.Nxd4 cxd4 8.Ne2 d5
9.exd5 Nxd5 10.c3 dxc3 11.dxc3 b5 12.a4 bxa4 13.Be4 Rb8 14.c4 Nf6 15.Bc6+ Bd7
16.Qxa4 Qc8 17.Bxd7+ Qxd7 18.Qxa6 Bc5 19.Bf4 Rd8 20.b4 Bxb4 21.Rab1 Be7 22.Rb7 Qd3
23.Bc7 Rc8 24.Nc1 Qe4 25.Qb5+ Kf8 26.Nb3 g6 27.Be5 Qxc4 28.Qxc4 Rxc4 29.Ra1 Re4
30.f4 Rxe5 31.fxe5 Nd5 32.Raa7 h5 33.Kf1 h4 34.Ra8+ Kg7 35.Rxh8 Kxh8 36.Kf2 Kg7
37.Kf3 g5 38.g4 hxg3 39.hxg3 Kg6 40.Nd4 Bc5 41.Nc6 Ba3 42.g4 Bc5 43.Rd7 Ba3
44.Nd8 Be7 45.Nb7 Kg7 46.Nd6 Kg6 47.Ne4 Kg7 48.Rb7 Kg6 49.Rb8 Kg7 50.Re8 Kh7
51.Ke2 Kg7 52.Kd3 Kh7 53.Kd4 Kg7 54.Rb8 Kg6 55.Rc8 Kg7 56.Re8 Kh7 57.Nc3 Bc5+
58.Kc4 Nxc3 59.Kxc3 Be3 60.Ra8 Bf4 61.Kd4 Kg7 62.Rc8 Kh7 63.Rc2 Kg7 64.Re2 Kf8
65.Rb2 Kg7 66.Rb5 Bg3 67.Kc4 Bf4 68.Kb4 Bg3 69.Ka5 Bf2 70.Ka6 f6 71.Rb7+ Kg6
72.Re7 Bd4 73.Rxe6 Bxe5 74.Kb5 Kf7 75.Ra6 Bd4 76.Kc4 Be3 77.Kd5 Bf2 78.Rc6 Bg3
79.Rb6 Be5 80.Rb7+ Kg6 81.Ke6 Bf4 82.Ra7 Be5 83.Ra8 Bd4 84.Rg8+ Kh7 85.Kf7 Be5
86.Re8 Bg3 87.Re3 Bf2 88.Rf3 Be1 89.Kxf6 Bh4 90.Kf7 Kh6 91.Rh3 Kh7 92.Rxh4+ gxh4
93.g5 h3 94.g6+  1-0

[Event "Pinnacle 48th COCC"]
[Site "Toronto CAN"]
[Date "2011.07.14"]
[Round "6"]
[White "Golod,V"]
[Black "Benjamin,Joe"]
[Result "0-1"]
[WhiteElo "2582"]
[BlackElo "2553"]

1.d4 Nf6 2.c4 e6 3.Nc3 Bb4 4.f3 O-O 5.e4 d5 6.e5 Nfd7 7.cxd5 exd5 8.f4 c5
9.a3 Ba5 10.b4 cxd4 11.Qxd4 Bb6 12.Qxd5 a5 13.Rb1 axb4 14.axb4 Bxg1 15.Rxg1 Nc6
16.Be3 Qh4+ 17.g3 Qh6 18.Kf2 Ra3 19.Qd2 Qxh2+ 20.Rg2 Qh3 21.Rg1 Qe6 22.Bg2 Ndxe5
23.fxe5 Nxe5 24.Rge1 Rxc3 25.Qxc3 Qf6+ 26.Ke2 Bg4+ 27.Kd2 Rd8+ 28.Kc1 Nd3+
29.Kc2 Qg6 30.Rf1 Rc8 31.Qxc8+ Bxc8 32.Kc3 Qxg3 33.Rfd1 Bf5 34.Bf1 Qc7+ 35.Kd2 Qh2+
36.Kc3 Qc7+ 37.Kd2 Qc4 38.Rb2 h6 39.Ra1 Qd5 40.Ra5  0-1

[Event "Pinnacle 48th COCC"]
[Site "Toronto CAN"]
[Date "2011.07.16"]
[Round "8"]
[White "Arencibia Rodriguez,W"]
[Black "Benjamin,Joe"]
[Result "1/2-1/2"]
[WhiteElo "2476"]
[BlackElo "2553"]

1.d4 Nf6 2.c4 e6 3.Nf3 Bb4+ 4.Bd2 Qe7 5.g3 Nc6 6.Nc3 Bxc3 7.Bxc3 Ne4 8.Rc1 O-O
9.Bg2 d6 10.O-O Nxc3 11.Rxc3 e5 12.d5 Nb8 13.b4 a5 14.Ra3 Bg4 15.Nd2 Na6
16.bxa5 f5 17.Nb3 Rf6 18.f3 Bh5 19.e3 Re8 20.Qd2 g5 21.Nc1 Ref8 22.Qb2 Rb8
23.Nd3 Rff8 24.e4 fxe4 25.fxe4 Rxf1+ 26.Bxf1 Qf6 27.Bg2 Rf8 28.Rb3 Bg6 29.Qe2 Rb8
30.Rb1 h5 31.Qe3 g4 32.c5 Kg7 33.cxd6 cxd6 34.Qa7 Qf7 35.Nb4 Rc8 36.Rf1 Qc7
37.Nxa6 bxa6 38.Qxa6 Qc5+ 39.Kh1 Rc7 40.Qb6 Rc8 41.a3 Rc7 42.Qb4 Ra7 43.a6 Qxb4
44.axb4 Rxa6 45.b5 Rb6 46.Rb1 Kf6 47.Kg1 Ke7 48.Kf2 Kd8 49.Ke3 Be8 50.Bf1 Kc7
51.Kd2 Rb7 52.Kc3 Kb6 53.Kb4 Ra7 54.Bc4 Ra5 55.Kc3 Ra3+ 56.Kb4 Ra5 57.Kc3  1/2-1/2

[Event "Pinnacle 48th COCC"]
[Site "Toronto CAN"]
[Date "2011.07.17"]
[Round "9"]
[White "Benjamin,Joe"]
[Black "Bojkov,D"]
[Result "1/2-1/2"]
[WhiteElo "2553"]
[BlackElo "2544"]

1.e4 e5 2.Nf3 Nc6 3.Bb5 a6 4.Ba4 Nf6 5.d3 d6 6.c3 Be7 7.O-O O-O 8.Re1 b5
9.Bc2 d5 10.Nbd2 dxe4 11.dxe4 Be6  1/2-1/2

[Event "6th Edmonton International"]
[Site "Edmonton CAN"]
[Date "2011.07.28"]
[Round "2"]
[White "Benjamin,Joe"]
[Black "Valencia,B"]
[Result "1-0"]
[WhiteElo "2553"]
[BlackElo "2204"]

1.d4 Nf6 2.c4 g6 3.Nc3 Bg7 4.e4 d6 5.f3 O-O 6.Bg5 c5 7.d5 a6 8.a4 h6 9.Be3 e6
10.Qd2 exd5 11.cxd5 Kh7 12.Nge2 Nbd7 13.Ng3 Rb8 14.Be2 Re8 15.O-O b6 16.Rab1 h5
17.Nh1 Qc7 18.Rfc1 Ng8 19.Nf2 Ne5 20.b4 c4 21.b5 a5 22.Ncd1 f5 23.f4 Ng4
24.Rxc4 Qe7 25.Bxg4 hxg4 26.Rbc1 Bd7 27.Rc7 Qf7 28.R1c6 Re7 29.Rxd6 fxe4
30.Rxb6 Rxb6 31.Bxb6 e3 32.Bxe3 Qe8 33.d6 Rf7 34.b6 Nh6 35.b7 Nf5 36.Ba7 g3
37.hxg3  1-0

[Event "6th Edmonton International"]
[Site "Edmonton CAN"]
[Date "2011.07.30"]
[Round "5"]
[White "Haessel,D"]
[Black "Benjamin,Joe"]
[Result "0-1"]
[WhiteElo "2211"]
[BlackElo "2553"]

1.Nf3 d6 2.d4 Nf6 3.Nc3 Bg4 4.e4 e6 5.h3 Bh5 6.Bg5 c6 7.g4 Bg6 8.Bd3 Qb6
9.Qd2 d5 10.Bxf6 gxf6 11.O-O-O Nd7 12.h4 Bb4 13.exd5 cxd5 14.a3 Bd6 15.g5 O-O-O
16.Nb5 Bb8 17.gxf6 Nxf6 18.Ne5 Bxd3 19.Qxd3 Bxe5 20.dxe5 Ne4 21.Rhf1 Nxf2
22.Rxf2 Qxf2 23.Rf1 Qxh4 24.Rxf7 Qe1+ 25.Qd1 Qxd1+ 26.Kxd1 Rd7  0-1

[Event "6th Edmonton International"]
[Site "Edmonton CAN"]
[Date "2011.07.31"]
[Round "7"]
[White "Gardner,R"]
[Black "Benjamin,Joe"]
[Result "0-1"]
[WhiteElo "2188"]
[BlackElo "2553"]

1.d4 Nf6 2.c4 e6 3.Nc3 Bb4 4.f3 d5 5.a3 Bd6 6.e4 c5 7.dxc5 Bxc5 8.cxd5 exd5
9.e5 Nfd7 10.Qxd5 O-O 11.f4 Bxg1 12.Rxg1 Qb6 13.Rh1 Nc6 14.Qb5 Nd4 15.Qxb6 Nxb6
16.Bd3 Rd8 17.Be3 Bg4 18.Bxd4 Rxd4 19.Be4 Na4 20.Bxb7 Rb8 21.Nxa4 Rxa4 22.Bf3 Bxf3
23.gxf3 Rxb2 24.O-O-O Rb8 25.Rd3 Rxf4 26.Rhd1 g5 27.Rd8+ Rxd8 28.Rxd8+ Kg7
29.Rd7 Rxf3 30.Rxa7 Re3 31.Ra5 h6 32.a4 Rh3 33.Ra7 Kg6 34.Ra6+ Kf5 35.Rf6+ Kxe5
36.Rxf7 Rxh2 37.a5 Ra2 38.Ra7 g4 39.Kb1 Ra4 40.a6 Kf6 41.Ra8 h5 42.a7 Kg7
43.Kc2 g3 44.Re8 g2 45.Re1 h4 46.Kd3 Rxa7 47.Rg1 h3 48.Ke3 Rf7  0-1

[Event "Manhattan Open"]
[Site "New York USA"]
[Date "2011.08.18"]
[Round "3"]
[White "Benjamin,Joe"]
[Black "Adu,O"]
[Result "1-0"]
[WhiteElo "2553"]
[BlackElo "2276"]

1.e4 d6 2.d4 g6 3.Nf3 Bg7 4.Be2 c6 5.O-O Nf6 6.Nc3 Bg4 7.a4 O-O 8.Be3 Nbd7
9.a5 a6 10.Nd2 Bxe2 11.Qxe2 Qc7 12.f4 e6 13.e5 Nd5 14.Nce4 Nxe3 15.exd6 Qb8
16.Qxe3 Qa7 17.c3 Rfe8 18.Nc4 Rad8 19.Rae1 Nf6 20.Nxf6+ Bxf6 21.f5 gxf5 22.g4 Qb8
23.Qf4 Kh8 24.gxf5 Bg5 25.Qf3 Rg8 26.Kh1 Rdf8 27.Ne5 Bh4 28.Re4 Qd8 29.fxe6 fxe6
30.Nf7+ Rxf7 31.Qxf7 Qg5 32.Qf3 Qh6  1-0

[Event "Manhattan Open"]
[Site "New York USA"]
[Date "2011.08.20"]
[Round "6"]
[White "Benjamin,Joe"]
[Black "Sarkar,J"]
[Result "1/2-1/2"]
[WhiteElo "2553"]
[BlackElo "2376"]

1.e4 c6 2.d4 d5 3.e5 Bf5 4.h4 h5 5.c4 e6 6.Nc3 Nd7 7.Bg5 f6 8.exf6 gxf6 9.Be3 dxc4
10.Bxc4 Nb6 11.Be2 Bg6 12.Nh3 Bd6 13.Nf4 Bxf4 14.Bxf4 Ne7 15.Qd2 Nbd5 16.Bh2 Kf7
17.O-O Qg8 18.Rfe1 Rd8 19.Bf3 Nf5 20.Nxd5 cxd5 21.Rac1 Rd7 22.Qf4 Qd8 23.Re2 Qb6
24.Rd2 Nd6 25.Rc3 Ne4 26.Bxe4 dxe4 27.Bg3 Rhd8 28.Rb3 Qc6 29.Rc3 Qb6 30.Rb3 Qc6
31.Rc3 Qb6  1/2-1/2

[Event "Manhattan Open"]
[Site "New York USA"]
[Date "2011.08.21"]
[Round "8"]
[White "Lapshun,Y"]
[Black "Benjamin,Joe"]
[Result "0-1"]
[WhiteElo "2444"]
[BlackElo "2553"]

1.e4 c6 2.d4 d5 3.exd5 cxd5 4.Bd3 Nc6 5.c3 Qc7 6.h3 g6 7.Ne2 Bf5 8.Bxf5 gxf5
9.Bf4 Qd7 10.Nd2 Nf6 11.Nf3 Rg8 12.O-O e6 13.Ne5 Nxe5 14.Bxe5 Ne4 15.f3 Nd6
16.b3 Rc8 17.a4 Bh6 18.Qd3 Rc6 19.Bxd6 Qxd6 20.f4 Bg7 21.Rfd1 Ke7 22.c4 dxc4
23.bxc4 Rgc8 24.Rac1 b6 25.d5 Qc5+ 26.Kh1 Rd6 27.Qf3 Kf8 28.dxe6 fxe6 29.Rxd6 Qxd6
30.Ng3 Qc6 31.Qd3 Bf6 32.Nh5 Bh8 33.Qd2 Qxa4 34.g4 Qa3 35.Kh2 fxg4 36.hxg4 Ke7
37.Ng3 Rd8 38.Nf5+ Ke8 39.Qe2 Qb2 40.Rc2 Qf6 41.Qe4 Kf8 42.Ng3 Qh4+ 43.Kg2 Qxg4
44.Qxh7 Bf6 45.c5 bxc5 46.Qxa7 Rd3 47.Qxc5+ Kg7 48.Qc7+ Kh6 49.f5 e5 50.Kh1 Qh3+  0-1

[Event "US Chess League 2011"]
[Site "ICC INT"]
[Date "2011.09.14"]
[Round "3"]
[White "Benjamin,Joe"]
[Black "Erenburg,S"]
[Result "1/2-1/2"]
[WhiteElo "2552"]
[BlackElo "2616"]

1.d4 d5 2.c4 c6 3.Nf3 Nf6 4.Nc3 dxc4 5.a4 e6 6.e3 c5 7.Bxc4 Nc6 8.O-O Be7
9.Qe2 cxd4 10.Rd1 O-O 11.Nxd4 Qc7 12.Nxc6 bxc6 13.e4 Nd7 14.Be3 Qa5 15.Qc2 Ne5
16.Be2 Ba6 17.Nb5 Rfc8 18.Nd6 Bxd6 19.Bxa6 Qxa6 20.Rxd6 Qa5 21.Bc5 Qc7 22.Rad1 Ng4
23.f3 Nf6 24.R1d3 h6 25.g3 Rab8 26.Qd2 a5 27.Kg2 Kh7 28.Rc3 Rd8 29.Rcd3 Rdc8
30.Rc3 Rd8 31.Ba3 Rxd6 32.Bxd6 Qd7 33.Qc2 Rc8 34.Bc5 Kg8 35.Bb6 Ra8 36.Rxc6 Qb7
37.Bxa5 Rxa5 38.Rc8+ Kh7 39.e5+ Ne4 40.Rc4 g6 41.Rxe4 Qd7 42.b3 Rd5 43.Re2 Rd3
44.b4 Qd5 45.b5 Qxf3+ 46.Kg1 Ra3 47.Qc1 Qxe2 48.Qxa3 Qe1+ 49.Kg2 Qe2+ 50.Kg1 Qe1+
51.Kg2 Qe2+ 52.Kg1 Qe1+ 53.Kg2 Qe2+  1/2-1/2

[Event "US Chess League 2011"]
[Site "ICC INT"]
[Date "2011.09.21"]
[Round "4"]
[White "Stripunsky,A"]
[Black "Benjamin,Joe"]
[Result "1/2-1/2"]
[WhiteElo "2563"]
[BlackElo "2552"]

1.d4 Nf6 2.Nf3 e6 3.Bf4 b6 4.e3 Bb7 5.Nbd2 d6 6.Bd3 Nbd7 7.Qe2 Nd5 8.c3 Nxf4
9.exf4 g6 10.h4 Nf6 11.Ne4 Bg7 12.g3 Qd7 13.a4 O-O 14.Nxf6+ Bxf6 15.Be4 c5
16.O-O cxd4 17.cxd4 Rac8 18.a5 Bxe4 19.Qxe4 Qb5 20.axb6 axb6 21.Rfd1 Rc4
22.Qd3 Qc6 23.d5 exd5 24.Qxd5 Bxb2 25.Rab1 Bc3 26.Rxb6 Qxd5 27.Rxd5 Bb4 28.Rb7 Bc5
29.Rd2 h6 30.Kg2 Re8 31.h5 gxh5 32.Nh4 Rb4 33.Rd7 Reb8 34.Nf5 Rb2 35.Nxh6+ Kh7
36.Rxb2 Rxb2 37.Nxf7 Rxf2+ 38.Kh3 Kg8 39.Nxd6 Rd2 40.Ne4 Rxd7 41.Nf6+ Kf7
42.Nxd7 Be7 43.Ne5+ Ke6 44.Kg2 Bf6 45.Nd3 Kf5 46.Kf3 Bd4 47.Ne1 Bb6 48.Ng2 Bc5
49.Nh4+ Kf6 50.Ng2 Kf5 51.Ne1 Bb6 52.Nd3 Bd4 53.Nb4 Bb6 54.Nd5 Bc5 55.Nc3 Bb4
56.Ne4 Be7 57.Nd2 Bc5 58.Nc4 Bg1 59.Nd6+ Ke6 60.Ne8 Kf5 61.Ng7+ Kg6 62.Ne6 Kf5
63.Ng5 Bc5 64.Nf7 Kf6 65.Ne5 Kf5 66.Nc4 Bg1 67.Nd6+ Ke6 68.Kg2 Bc5 69.Ne4 Be7
70.Nf2 Kf5 71.Kf3 Bc5 72.Nd1 Bd4 73.Ke2 Kg4 74.Ne3+ Kxg3 75.Nf5+ Kxf4 76.Nxd4  1/2-1/2